Ethnic minorities, drug use and harm in the highlands of northern Vietnam

保存先:
書誌詳細
団体著者: Office on drugs and crime
フォーマット: 図書
言語:Undetermined
出版事項: Hà Nội Thế giới 2003
主題:
タグ: タグ追加
タグなし, このレコードへの初めてのタグを付けませんか!
Thư viện lưu trữ: Trung tâm Học liệu Trường Đại học Cần Thơ
LEADER 00567nam a2200181Ia 4500
001 CTU_62811
008 210402s9999 xx 000 0 und d
082 |a 305.8 
082 |b O.32 
110 |a Office on drugs and crime 
245 0 |a Ethnic minorities, drug use and harm in the highlands of northern Vietnam 
245 0 |c Office on drugs and crime 
260 |a Hà Nội 
260 |b Thế giới 
260 |c 2003 
650 |a Ethnic and national groups 
904 |i Minh (Nguyên sửa) 
980 |a Trung tâm Học liệu Trường Đại học Cần Thơ